Planes and things that fly: (Record no. 756239)
[ view plain ]
| 000 -LEADER | |
|---|---|
| fixed length control field | 00886nam a22002297b 4500 |
| 003 - CONTROL NUMBER IDENTIFIER | |
| control field | 3228 |
| 005 - DATE AND TIME OF LATEST TRANSACTION | |
| control field | 20260505112841.0 |
| 008 - FIXED-LENGTH DATA ELEMENTS--GENERAL INFORMATION | |
| fixed length control field | 260505b sa ||||| |||| 00| 0 eng d |
| 020 ## - INTERNATIONAL STANDARD BOOK NUMBER | |
| International Standard Book Number | 9781770084490 (hardback) |
| 040 ## - CATALOGING SOURCE | |
| Original cataloging agency | MPL |
| Language of cataloging | Eng |
| Transcribing agency | 3228 |
| Description conventions | Resource Description and Access |
| 041 ## - LANGUAGE CODE | |
| Language code of text/sound track or separate title | English |
| 082 ## - DEWEY DECIMAL CLASSIFICATION NUMBER | |
| Classification number | J 629.133 VAND |
| 100 ## - MAIN ENTRY--PERSONAL NAME | |
| Personal name | Van der wiel Renee |
| Relator term | Author |
| 245 ## - TITLE STATEMENT | |
| Title | Planes and things that fly: |
| Remainder of title | up, up and away / |
| Statement of responsibility, etc. | Van der Wiel, Renee |
| 260 ## - PUBLICATION, DISTRIBUTION, ETC. | |
| Place of publication, distribution, etc. | Gallo Manor, South Africa : |
| Name of publisher, distributor, etc. | Awareness Publishing (SA)(Pty) Ltd, |
| Date of publication, distribution, etc. | 2017 |
| 300 ## - PHYSICAL DESCRIPTION | |
| Extent | 90 pages.: |
| Other physical details | color illustrations; |
| Dimensions | 28 cm |
| 490 ## - SERIES STATEMENT | |
| Series statement | World of knowledge : resource material for school projects series |
| Volume/sequential designation | Volume 13 |
| 500 ## - GENERAL NOTE | |
| General note | <br/>Target Audience: J E<br/>General: Includes a glossary<br/>General: GPCAT20190619 |
| 650 #0 - SUBJECT ADDED ENTRY--TOPICAL TERM | |
| 9 (RLIN) | 199402 |
| Topical term or geographic name entry element | Airplanes |
| Form subdivision | Juvenile literature |
| 700 1# - ADDED ENTRY--PERSONAL NAME | |
| 9 (RLIN) | 199048 |
| Personal name | Van der Wiel, Renee |
| Relator term | Author |
| 942 ## - ADDED ENTRY ELEMENTS | |
| Source of classification or shelving scheme | Dewey Decimal Classification |
| item type | Book |
| -- | 5815 |
| -- | Pontsho Maoko |
| Withdrawn status | Lost status | Damaged status | Not for loan | Collection code | Home library | Current library | Shelving location | Date acquired | Cost, normal purchase price | Total Checkouts | Full call number | Barcode | Date last seen | Cost, replacement price | Price effective from | item type | Source of classification or shelving scheme |
|---|---|---|---|---|---|---|---|---|---|---|---|---|---|---|---|---|---|
| 600: Technology & Applied Science | AMERSFOORT (do not use) | AMERSFOORT (do not use) | Children's Area | 03.12.2025 | J 629.133 | 3300410015336 | 03.12.2025 | 03.12.2025 | Book | ||||||||
| 600: Technology & Applied Science | DELMAS PUBLIC LIBRARY | DELMAS PUBLIC LIBRARY | Children's Area | 05.05.2026 | J 629.133 VAND | 3322830001956 | 05.05.2026 | 05.05.2026 | Book | Dewey Decimal Classification | |||||||
| 600: Technology & Applied Science | Standerton Public Library | Standerton Public Library | Children's Area | 15.08.2023 | 313.00 | J 629.133 | 3300410013328 | 15.08.2023 | 313.00 | 15.08.2023 | Book | ||||||
| Vukuzakhe (do not use) | Vukuzakhe (do not use) | Children's Area | 12.12.2025 | 313.00 | J 629.133 | 3300410029659 | 12.12.2025 | 12.12.2025 | Book |